Szczegóły MARC21

Dialogus in Natali Domini = Dialog na Narodzenie Pana ; Ecloga de Nativitate Domini /

003 -Nazwa inst., której nr kontr. jest w polu 001 [,]
    • @
    • Nazwa instytucji, której n kontrolny jest w polu 001
    • NUKAT
005 -DATA I CZAS OSTATNIEJ MODYFIKACJI [,]
    • @
    • pole kontrolne
    • 20241231104224.0
020 -Międzynarod. znormalizowany nr książki - ISBN [ , ]
    • a
    • Numer ISBN
    • 8387456764 Find
040 -Instytucja sporządzająca opis [ , ]
    • a
    • Instytucja, która sporządziła opis (NP)
    • TOR U/elc
    • c
    • Instytucja, która sporządziła rekord (NP)
    • TOR U/elc
    • d
    • Instytucja, która zmodyfikowała rekord (P)
    • TOR U/AP
    • d
    • Instytucja, która zmodyfikowała rekord (P)
    • GD U/DC
    • d
    • Instytucja, która zmodyfikowała rekord (P)
    • GD PAN/JSs
041 -Język dokumentu [1, ]
    • a
    • Język tekstu (P)
    • polski
    • a
    • Język tekstu (P)
    • łaciński
    • h
    • Język tekstu oryginalnego i/lub pośredniego (P)
    • łaciński
942 -Rodzaj dokumentu [ , ]
    • c
    • Rodzaj dokumentu
    • Książka
130 -Hasło główne - tytuł ujednolicony [0, ]
    • a
    • Tytuł ujednolicony (NP)
    • Dialogus in Natali Domini Find
    • l
    • Język tekstu (NP)
    • (łac., pol.)
    • 9
    • KHW
    • 651318
245 -Strefa tytułu i oznaczenia odpowiedzialności [1,0]
    • a
    • Tytuł
    • Dialogus in Natali Domini = Find
    • b
    • Ciąg dalszy tytułu (NP)
    • Dialog na Narodzenie Pana ; Ecloga de Nativitate Domini / Find
    • c
    • Pozostałe elementy strefy tytułu i oznaczenia odpowiedzialności (NP)
    • wydała i przeł. Joanna Ziabicka.
246 -Wariant tytułu [3,1]
    • a
    • Tytuł (NP)
    • Dialog na Narodzenie Pana
246 -Wariant tytułu [1,3]
    • a
    • Tytuł (NP)
    • Ekloga na Narodzenie Pańskie
260 -Strefa adresu wydawniczego [ , ]
    • a
    • Miejsce wydania (P)
    • Warszawa :
    • b
    • Nazwa wydawcy (P)
    • Instytut Badań Literackich PAN :
    • b
    • Nazwa wydawcy (P)
    • Stowarzyszenie "Pro Cultura Litteraria",
    • c
    • Data wydania (P)
    • 2001.
300 -Strefa opisu fizycznego [ , ]
    • a
    • Określenie formy książki i/lub objętość (NP)
    • 108, [1] s. ;
    • c
    • Format (NP)
    • 21 cm.
336 -Typ zawartości [ , ]
    • a
    • Termin opisujący typ zawartości
    • Tekst
    • b
    • Kod określający zawartość
    • txt
    • 2
    • Źródło (terminu i kodu)
    • rdacontent
337 -Typ mediów [ , ]
    • a
    • Tryb odtwarzania
    • Bez urządzenia pośredniczącego
    • b
    • Kod typu mediów
    • n
    • 2
    • Źródło (terminu i kodu)
    • rdamedia
338 -Typ/rodzaj nośnika [ , ]
    • a
    • Hasło opisujące typ nośnika
    • Wolumin
    • b
    • Kod typu nośnika
    • nc
    • 2
    • Źródło (terminu i kodu)
    • rdacarrier
490 -Strefa serii i książki wielotomowej - forma nie do wyszukiwania [1, ]
    • a
    • Tytuł (P)
    • Biblioteka Pisarzy Staropolskich ; Find
    • v
    • Numeracja (P)
    • t. 21
830 -Hasło dodatkowe serii i opisu książki wielotomowej - tytuł ujednolicony/tytuł [ ,0]
    • a
    • Tytuł ujednolicony/tytuł (NP)
    • Biblioteka Pisarzy Staropolskich
    • x
    • ISSN
    • 1427-3306
    • v
    • Oznaczenie tomu (NP)
    • t. 21
    • 9
    • KHW
    • 77779
536 -Uwaga dot. finansowania książki [ , ]
    • a
    • Tekst uwagi
    • Książka dofinansowana ze środków Komitetu Badań Naukowych
546 -Uwaga dot. języka [ , ]
    • a
    • Uwaga dot. języka
    • Tekst równoległy w jęz. łac. i pol.
080 -Uniwersalna Klasyfikacja Dziesiętna [ , ]
    • a
    • Symbol klasyfikacji
    • 884-2
080 -Uniwersalna Klasyfikacja Dziesiętna [ , ]
    • a
    • Symbol klasyfikacji
    • :871-2
650 -Hasło przedmiotowe [ ,7]
    • a
    • Hasło przedmiotowe
    • Boże Narodzenie
    • x
    • Określnik rzeczowy
    • teatr.
    • 2
    • Źródło terminu
    • kaba
    • 9
    • KHW
    • 103640
655 -Hasło w funkcji tematu formalnego [ ,7]
    • a
    • Hasło
    • Dramat łaciński średniowieczny i nowożytny
    • z
    • Określnik geograficzny
    • Polska
    • y
    • Określnik chronologiczny
    • 16 w.
    • v
    • Określnik formy
    • tłumaczenia polskie.
    • 2
    • Źródło terminu
    • kaba
    • 9
    • KHW
    • 651481
655 -Hasło w funkcji tematu formalnego [ ,7]
    • a
    • Hasło
    • Dramat łaciński średniowieczny i nowożytny
    • z
    • Określnik geograficzny
    • Polska
    • y
    • Określnik chronologiczny
    • 16 w.
    • 2
    • Źródło terminu
    • kaba
    • 9
    • KHW
    • 555077
980 -Symbol UKD [ , ]
    • a
    • UKD
    • 884-2:871-2
700 -Hasło dodatkowe - nazwa osobowa [1, ]
    • a
    • Nazwa osobowa (NP)
    • Ziabicka, Joanna. Find
    • e
    • Określenie rodzaju współpracy
    • Oprac.
    • 9
    • KHW
    • 419021
710 -Hasło dodatkowe - nazwa ciała zbiorowego [2, ]
    • a
    • Nazwa ciała zbiorowego lub nazwa geograficzna jako pierwszy element (NP)
    • Polska Akademia Nauk.
    • b
    • Nazwa jednostki podrzędnej (P)
    • Instytut Badań Literackich.
    • b
    • Nazwa jednostki podrzędnej (P)
    • Wydawnictwo.
    • 4
    • Kod relacji
    • pbl
    • 9
    • KHW
    • 53680
730 -Hasło dodatkowe - tytuł ujednolicony [0,2]
    • a
    • Tytuł ujednolicony (NP)
    • Ecloga de Nativitate Domini
    • l
    • Język tekstu (NP)
    • (łac., pol.)
    • 9
    • KHW
    • 651320
920 -ISBN [ , ]
    • a
    • ISBN
    • 83-87456-76-4 Find
Numer inwentarzowy Lokalizacja Sygnatura Status udost. Data inwentaryzacji
P.19322BMPOL. Bibl. Pisarzy Staropol. T.2112004-07-29